Centres of controversy. (Record no. 60712)
[ view plain ]
| 000 -LEADER | |
|---|---|
| fixed length control field | 00656cam a2200181 4500 |
| 001 - CONTROL NUMBER | |
| control field | ABS61026 |
| 008 - FIXED-LENGTH DATA ELEMENTS--GENERAL INFORMATION | |
| fixed length control field | 000000n1999 000 0 eng u |
| 035 ## - SYSTEM CONTROL NUMBER | |
| System control number | (Sirsi) u101580 |
| 100 ## - MAIN ENTRY--PERSONAL NAME | |
| Personal name | Dewar, I. |
| 245 ## - TITLE STATEMENT | |
| Title | Centres of controversy. |
| 260 ## - PUBLICATION, DISTRIBUTION, ETC. | |
| Date of publication, distribution, etc. | 1999 |
| 490 ## - SERIES STATEMENT | |
| Series statement | Insight |
| Volume/sequential designation | (11) July 1999, 22(1) |
| 520 ## - SUMMARY, ETC. | |
| Summary, etc. | Discusses two valuation tribunal hearings of appeals relating to two local authority leisure centres, and suggests that councils look carefully at their position with regard to leisure properties in the 1990 and 1995 lists. |
| 650 ## - SUBJECT ADDED ENTRY--TOPICAL TERM | |
| Topical term or geographic name entry element | LOCAL AUTHORITIES |
| 650 ## - SUBJECT ADDED ENTRY--TOPICAL TERM | |
| Topical term or geographic name entry element | LEISURE CENTRES |
| 690 ## - LOCAL SUBJECT ADDED ENTRY--TOPICAL TERM (OCLC, RLIN) | |
| Topical term or geographic name as entry element | RATING AND VALUATION |
| 942 ## - ADDED ENTRY ELEMENTS (KOHA) | |
| Suppress in OPAC | 0 |
| Withdrawn status | Lost status | Source of classification or shelving scheme | Damaged status | Not for loan | Home library | Current library | Shelving location | Date acquired | Total Checkouts | Full call number | Barcode | Date last seen | Copy number | Price effective from | Koha item type |
|---|---|---|---|---|---|---|---|---|---|---|---|---|---|---|---|
| Dewey Decimal Classification | London | London | Journal article | 05/11/1999 | ABS61026 | 101580-1001 | 06/08/2019 | 1 | 06/08/2019 | Journal article |